Detalles MARC
| 000 -CABECERA |
| campo de control de longitud fija |
01526nam a2200301 a 4500 |
| 001 - NÚMERO DE CONTROL |
| campo de control |
000014939 |
| 005 - FECHA Y HORA DE LA ÚLTIMA TRANSACCIÓN |
| campo de control |
20260325092010.0 |
| 008 - DATOS DE LONGITUD FIJA--INFORMACIÓN GENERAL |
| campo de control de longitud fija |
100127s2006 dr ad 001 0 spa d |
| 020 ## - NÚMERO INTERNACIONAL ESTÁNDAR DEL LIBRO |
| Número Internacional Estándar del Libro |
9789993468943 |
| 040 ## - FUENTE DE LA CATALOGACIÓN |
| Centro catalogador/agencia de origen |
DO-SdBNP |
| Lengua de catalogación |
spa |
| Centro/agencia transcriptor |
BNPHU |
| 082 ## - NÚMERO DE LA CLASIFICACIÓN DECIMAL DEWEY |
| Número de clasificación |
345.01 |
| Número de documento/Ítem |
F745j |
| 100 1# - ENTRADA PRINCIPAL--NOMBRE DE PERSONA |
| Nombre de persona |
Fortunato , José Luis |
| 9 (RLIN) |
33812 |
| 245 13 - MENCIÓN DE TÍTULO |
| Título |
El juez y el ministerio público en el nuevo proceso penal dominicano / |
| Mención de responsabilidad, etc. |
José Luis Fortunato ; prólogo Eddy Olivares. |
| 260 ## - PUBLICACIÓN, DISTRIBUCIÓN, ETC. |
| Lugar de publicación, distribución, etc. |
Santo Domingo : |
| Nombre del editor, distribuidor, etc. |
Sociedad Jurídica Dominicana, |
| Fecha de publicación, distribución, etc. |
2006. |
| Fabricante |
Pegaso |
| 300 ## - DESCRIPCIÓN FÍSICA |
| Extensión |
236 p. : |
| Otras características físicas |
il., gráfcs. ; |
| Dimensiones |
25 cm. |
| 500 ## - NOTA GENERAL |
| Nota general |
Incluye bibliografía y notas al pie de páginas. |
| 500 ## - NOTA GENERAL |
| Nota general |
Incluye datos biográficos del autor en la solapa de la cubierta |
| 504 ## - NOTA DE BIBLIOGRAFÍA, ETC. |
| Nota de bibliografía, etc. |
Bibliografía: p. 215-216. |
| 505 0# - NOTA DE CONTENIDO CON FORMATO |
| Información miscelánea |
Prólogo / |
| Mención de responsabilidad |
Eddy Olivares -- |
| Título |
El juez: formación, designación y función -- |
| -- |
Los principios y tratados internacionales -- |
| -- |
Los sujetos procesales -- |
| -- |
La fase preparatoria -- |
| -- |
Fase preliminar -- |
| -- |
La jurisdicción de fondo -- |
| -- |
El recurso de apelación -- |
| -- |
Innovación del nuevo código procesal -- |
| -- |
El recurso de amparo -- |
| -- |
El defensor del pueblo -- |
| Información miscelánea |
Consideraciones -- |
| -- |
Bibliografía -- |
| -- |
Anexos. |
| 590 ## - NOTA LOCAL (RLIN) |
| Nota local |
Inventariado,2018/DG |
| 650 #4 - PUNTO DE ACCESO ADICIONAL DE MATERIA--TÉRMINO DE MATERIA |
| Término de materia o nombre geográfico como elemento de entrada |
Jueces |
| Subdivisión general |
Selección y nombramiento |
| 9 (RLIN) |
33813 |
| 650 #0 - PUNTO DE ACCESO ADICIONAL DE MATERIA--TÉRMINO DE MATERIA |
| Término de materia o nombre geográfico como elemento de entrada |
Poder judicial |
| 9 (RLIN) |
556 |
| 650 #4 - PUNTO DE ACCESO ADICIONAL DE MATERIA--TÉRMINO DE MATERIA |
| Término de materia o nombre geográfico como elemento de entrada |
Función judicial |
| 9 (RLIN) |
8466 |
| 650 #0 - PUNTO DE ACCESO ADICIONAL DE MATERIA--TÉRMINO DE MATERIA |
| Término de materia o nombre geográfico como elemento de entrada |
Administración de justicia |
| 9 (RLIN) |
10083 |
| 650 #0 - PUNTO DE ACCESO ADICIONAL DE MATERIA--TÉRMINO DE MATERIA |
| Término de materia o nombre geográfico como elemento de entrada |
Derecho procesal |
| 9 (RLIN) |
555 |
| 700 1# - PUNTO DE ACCESO ADICIONAL--NOMBRE DE PERSONA |
| Nombre de persona |
Olivares Eddy, |
| Término indicativo de función/relación |
pról. |
| 9 (RLIN) |
33814 |
| 910 ## - DATOS DE OPCIÓN DEL USUARIO (OCLC) |
| Datos de opción del usuario |
Validado. Control de calidad EMS |